Wrestlers who Became Actors in Movies - Statistics

General Stats
  • This quiz has been taken 161 times
  • The average score is 7 of 11
Answer Stats
Film(s) Wrestler/Actor % Correct
Jumanji, The Fate of the Furious, Black Adam The Rock
100%
Guardians of the Galaxy, Dune, Blade Runner 2049 Dave Bautista
83%
Bumblebee, Blockers, The Suicide Squad John Cena
80%
Rocky III, Suburban Commando, Mr. Nanny Hulk Hogan
79%
The Princess Bride Andre the Giant
74%
Predator, The Running Man, Demolition Man Jesse Ventura
49%
Spider-Man Randy Savage
43%
Blade: Trinity, The Chaperone Triple H
43%
The Longest Yard, The Expendables, Grown Ups 2 Steve Austin
42%
They Live Roddy Piper
34%
Magic Mike XXL, Teenage Mutant Ninja Turtles II Kevin Nash
25%
No matching quizzes found
Score Distribution
Percent of People with Each Score
Percentile by Number Answered
Your Score History
You have not taken this quiz